| 000 | 00525nam a2200193 a 4500 | ||
|---|---|---|---|
| 001 | 1953 | ||
| 003 | CDMR | ||
| 005 | 20131112115724.0 | ||
| 008 | 130130s ||||||||||||||||||||||||||||d | ||
| 020 | _a8445110195 | ||
| 040 |
_aCDMR _bcat _cCDMR |
||
| 110 | 2 |
_91457 _aDIRCOM |
|
| 245 | 1 | 3 |
_aLa comunicación en la empresa _c[Asociación de Directivos de Comunicación] |
| 260 |
_aMadrid _bDirCom |
||
| 300 |
_a162 p. _c30 cm |
||
| 650 | 0 | 4 |
_93333 _aGabinets de premsa |
| 650 | 0 | 4 |
_92798 _aComunicació en l'empresa |
| 942 |
_cMON _2udc |
||
| 999 |
_c1953 _d1953 |
||